000 01111cad a22002295a 4500
001 E148407
008 090914s2009 xxkd f s 000 0 eng d
035 _a(Sirsi) u148407
041 0 _aeng
050 0 4 _a333.337 $2 18
110 2 _aSavills Project Consultancy
_95857
245 0 0 _aCommercial development activity
_bSeptember 2009
_h[electronic resource]
260 _aLondon
_bSavills
_c2009
490 0 _aSavills UK Commercial Development Activity
_vSeptember 2009
520 _aReports that August saw the first month-on-month rise in commercial development activity since October 2007. 21% of firms reported an increase in activity and only 13% reported a fall. The Total Commercial Development Activity Index stood at +7.8% in August.
590 _aKA
650 2 4 _aSAVILLS UK COMMERCIAL DEVELOPMENT ACTIVITY PMI
651 4 _aUnited Kingdom
_y
690 _aPROPERTY-COMMERCIAL PROPERTY-COMMERCIAL PROPERTY MARKET
856 4 0 _uhttps://www.savills.com/research-archive/commercial-development-activity-report---september-2009.pdf
_zView this report free of charge at www.savills.com
942 _n0
999 _c110032
_d110032